| 000 | 01396nam a22003737a 4500 | ||
|---|---|---|---|
| 003 | CHAP | ||
| 005 | 20220329141303.0 | ||
| 008 | 971010s1982 r 00010 d | ||
| 010 | _a65793 | ||
| 011 | _a66765 | ||
| 035 | _a75738 | ||
| 040 | _cCHAP | ||
| 090 | _aTesis | ||
| 100 | 0 | 0 |
_aAlmaguer Vargas, Gustavo. _94475 |
| 245 | 1 | _aEfectos de la interacción del ácido giberélico (AG3) y urea en la elongación apical y productividad en frambuesa roja (Rubus idaeus L.) cv. Citadel | |
| 260 |
_aChapingo, Méx. : _bEl autor, _c1982 |
||
| 300 |
_a62 p. _b: ilus. |
||
| 502 | _aTesis (Ing. Agr. Esp. en Fitotecnia) -- UACH. Departamento de Fitotecnia | ||
| 590 |
_aALEPH _b10 _c20130110 _lUCH01 _h1358 |
||
| 590 |
_aBATCH-UPD _b10 _c20130110 _lUCH01 _h1641 |
||
| 590 |
_aBATCH-UPD _b10 _c20130410 _lUCH01 _h1031 |
||
| 590 |
_aBATCH-UPD _b10 _c20130914 _lUCH01 _h0301 |
||
| 590 |
_aCONVERSION _b10 _c20130109 _lUCH01 _h1336 |
||
| 650 | 1 | 4 |
_aAcido giberelico _xEfecto en plantas. _9587 |
| 650 | 1 | 4 |
_aFrambuesa _xFisiología y morfología. _942876 |
| 650 | 1 | 4 |
_aFrambuesa _xRendimiento. _942892 |
| 650 | 1 | 4 |
_aPlantas _xCrecimiento _xAditivos. _988804 |
| 650 | 1 | 4 |
_aUrea como fertilizante. _9116888 |
| 901 | _aBK | ||
| 942 | _cFOLL | ||
| 949 |
_bBC _cTES _d33724002235231 _eTS1 _i75738 _si |
||
| 949 |
_bBC _cTES _d33724002235736 _eTS2 _fc.2 _i75738 _si |
||
| 949 |
_bBC _cTES _d33724002235777 _eTS2 _fc.3 _i75738 _sb |
||
| 999 |
_c65793 _d65793 |
||